| 000 | 00655nam a22001937a 4500 | ||
|---|---|---|---|
| 999 |
_c195742 _d195742 |
||
| 005 | 20230419115554.0 | ||
| 010 | _aENG-136738 | ||
| 020 |
_a9788123798257 _c260.00 |
||
| 035 | _aEN-120270 | ||
| 037 | _bDBAD/PUB | ||
| 082 | _a954.920514 | ||
| 245 | 0 | 0 |
_aDeeds Of Gallantry : _cEdited By Amlesh Kumar Mishra _bFifty Years Of The 1971 Victory / |
| 250 | _aFirst | ||
| 260 |
_aNew Delhi _bNational Books Trust _c2021 |
||
| 270 |
_bNew Delhi _aNehru Bhawan,5 Institutional Area Phase -2 Vasant Kunj _e110070 |
||
| 300 |
_aviii,210p. : _c21cm(pbk) _bill., |
||
| 700 |
_a Mishra, Amlesh Kumar _eEditor |
||
| 942 |
_2ddc _cEN _mDEE _h954.920514 |
||